|
|
|
|
| LEADER |
00891nam a22002532a 4500 |
| 001 |
000904867 |
| 003 |
CZ BrMZK |
| 005 |
20080714204611.0 |
| 007 |
ta |
| 008 |
080714s1976 pl er|||||||||||pol d |
| 040 |
|
|
|a ABA001
|b cze
|c ABA001
|d ABA001
|
| 041 |
1 |
|
|a pol
|h cze
|
| 100 |
1 |
|
|a Skála, Miroslav,
|d 1924-1989
|7 jk01111431
|4 aut
|
| 245 |
1 |
0 |
|a Podróź przedślubna do Ilji /
|c Miroslav Skála ; przełozyła [do pol.] Maria Erhardtowa
|
| 250 |
|
|
|a 1. wyd.
|
| 260 |
|
|
|a Warszawa :
|b Czytelnik,
|c 1976
|
| 300 |
|
|
|a 181, [2] s. ;
|c 8°
|
| 500 |
|
|
|a Přeloženo z češtiny
|
| 765 |
0 |
|
|t Svatební cesta do Jiljí
|9 Polsky
|
| 910 |
|
|
|a BOA001
|b 1-0779.251
|
| 990 |
|
|
|a BK
|
| 991 |
|
|
|b 200807
|
| 996 |
7 |
|
|b 2619262859
|c 1-0779.251
|l MZK
|r Sklad / do 1 hodiny
|n 0
|w 001069083
|u 000010
|a 1
|e BOA001
|j MZK50
|s A
|
| 996 |
7 |
|
|b 2619542566
|c 1-0779.251
|l MZK
|r Sklad / do 1 hodiny
|n 0
|w 001069083
|u 000020
|a 1
|e BOA001
|j MZK50
|s A
|